02598nam a22004455i 4500001001800000003000900018005001700027007001500044008004100059020003700100024003500137050001000172072001700182072002300199082001500222082001500237100003000252245022400282264008200506300002800588336002600616337002600642338003600668347002400704490003400728505051100762520052701273650001701800650003801817650001701855650004201872700003301914710003401947773002001981776003602001830003402037856004802071912001402119999001902133978-3-642-11105-1DE-He21320140220083743.0cr nn 008mamaa130125s2011 gw | s |||| 0|eng d a97836421110519978-3-642-11105-17 a10.1007/978-3-642-11105-12doi 4aQA313 7aPBWR2bicssc 7aMAT0340002bisacsh04a515.3922304a515.482231 aPrato, Giuseppe.eeditor.10aHyperbolicityh[electronic resource] :bLectures given at the Centro Internazionale Matematico Estivo (C.I.M.E.), held in Cortona (Arezzo), Italy, June 24 – July 2, 1976 /cedited by Giuseppe Prato, Giuseppe Geymonat. 1aBerlin, Heidelberg :bSpringer Berlin Heidelberg :bImprint: Springer,c2011. a242p.bonline resource. atextbtxt2rdacontent acomputerbc2rdamedia aonline resourcebcr2rdacarrier atext filebPDF2rda1 aC.I.M.E. Summer Schools ;v720 aH. Brezis: First-order quasilinear equation on a torus -- J. Chazarain, A. Piriou: Problèmes mixtes hyperboliques: Première partie: Les problèmes mixtes hyperboliques vérifiant 1a condition de Lopatinski uniforme; Deuxième partie: Propagation et réflexion des singularités -- L. Gårding: Introduction to hyperbolicity -- T. Kato: Linear and quasi-linear equations of evolution of hyperbolic type -- K.W. Morton: Numerical methods for non-linear hyperbolic equations of mathematical physics. aLectures: J. Chazarain, A. Piriou: Problèmes mixtes hyperboliques: Première partie: Les problèmes mixtes hyperboliques vérifiant 1a condition de Lopatinski uniforme; Deuxième partie: Propagation et réflexion des singularités.- L. Gårding: Introduction to hyperbolicity.- T. Kato: Linear and quasi-linear equations of evolution of hyperbolic type.- K.W. Morton: Numerical methods for non-linear hyperbolic equations of mathematical physics.- Seminars: H. Brezis: First-order quasilinear equation on a torus. 0aMathematics. 0aDifferentiable dynamical systems.14aMathematics.24aDynamical Systems and Ergodic Theory.1 aGeymonat, Giuseppe.eeditor.2 aSpringerLink (Online service)0 tSpringer eBooks08iPrinted edition:z9783642111044 0aC.I.M.E. Summer Schools ;v7240uhttp://dx.doi.org/10.1007/978-3-642-11105-1 aZDB-2-SMA c106808d106808